000 02318nam0a22004691 4500
001 RU\NLR\A1\20331
005 20260407103932.0
035 _a(NLR Aleph) 009675790
090 _a9681932
_c9681932
100 _a19981001d1791 k y0rusy50 ca
101 0 _arus
102 _aRU
135 _acrcn 024anaba
140 _aу y kb yaa0000
200 1 _aОписание Шиф-Гаузенова балзамическаго пластыря.
210 _a[Москва
_cУниверситетская типография, у В. Окорокова
_d1791]
215 _a21, [1] с.
_d
300 _aВ конце текста виньетка
316 _aЭкз. РНБ (18.3.1.121) в обл. из розовой бумаги. На 1-й и 2-й с. обл. ярлык с шифром РНБ. На с.3, 17 и 21 круглый штамп ГПБ. Потеки по всему книжному блоку. Отсутствует фрагм. с.21. Экз. деф.: отсутствует тит. л. Размер: 21,2х17,5х0,2 см.
_5NLR: 18.3.1.121
321 1 _aСК XVIII 5002
325 _aКопия доступна в Электрон. б-ке РНБ
518 1 _aОписание Шиф-Гаузенова бальзамического пластыря
620 _dМосква
702 1 _4610
_7ca
_8rus
_aОкороков
_bВ. И.
_f1758-
_gВасилий Иванович
_9158374
_3RU\NLR\AUTH\770158415
712 0 2 _4610
_aМосковский университет
_bТипография
_9361140
_3RU\NLR\AUTH\889932963
801 0 _aRU
_bNLR
_c19981001
852 _aNLR
_j18.3.1.121
_yэкз. деф.
856 0 _uhttp://vivaldi.nlr.ru/bx000075345/view
856 1 _uhttp://vivaldi.nlr.ru/bx000075345/cover
856 2 _uhttp://vivaldi.nlr.ru/bx000075345/text
899 _aРГБ
899 _aБАН
942 _cBOOK
980 _aNB
980 3 _akpcivil
980 3 _akp
980 _aA1XVIIIv
981 2 0 _a(20) Книжные памятники РНБ
_b(20) Русский книжный фонд